[Event "Bogota Mayores Distrital op"]
[Site "Bogota"]
[Date "2011.08.12"]
[Round "3"]
[White "Perez, Laura"]
[Black "Cardona, Yesid"]
[Result "1-0"]
[WhiteElo "1891"]
[BlackElo "2066"]
[PlyCount "65"]
[EventDate "2011.08.11"]
[EventType "swiss"]
[EventRounds "9"]
[EventCountry "COL"]
[SourceTitle "CBM 143 Extra"]
[Source "ChessBase"]
[SourceDate "2011.08.29"]
[SourceVersion "1"]
[SourceVersionDate "2011.08.29"]
[SourceQuality "1"]

1. d4 d5 2. Nf3 Nf6 3. Bf4 Bf5 4. e3 e6 5. Nbd2 c6 6. Be2 Bd6 7. Ne5 Ne4 8. Nxe4 Bxe4 9. f3 Bg6 10. Qd2 a5 11. 0-0 f6 12. Nd3 Bxd3 13. Bxd3 Qc7 14. Rae1 Nd7 15. c3 0-0 16. Bxd6 Qxd6 17. e4 b5 18. f4 dxe4 19. Rxe4 f5 20. Re2 Rf6 21. Rfe1 Nf8 22. Re5 Ng6 23. g3 Qd7 24. Rc5 Nf8 25. Qf2 Rd8 26. Qf3 Rc8 27. Bf1 h6 28. Bg2 b4 29. Rxc6 Rxc6 30. Qxc6 bxc3 31. bxc3 Qxc6 32. Bxc6 e5 33. Bd5+ 1-0